Top 20 Wimbledon Women's Players in Open Era - Statistics

General Stats
  • This quiz has been taken 200 times
    161 since last reset
  • The average score is 15 of 20
Answer Stats
# Player Country Points % Correct
2 Serena Williams United States 67
99%
4 Venus Williams United States 57
99%
5 Steffi Graf Germany 55
97%
1 Martina Navrátilová Czechoslovakia, USA 87
95%
18 Justine Henin Belgium 18
90%
11 Maria Sharapova Russia 24
90%
3 Chris Evert United States 67
86%
9 Lindsay Davenport United States 27
79%
13 Margaret Court Australia 21
79%
15 Arantxa Sánchez Vicario Spain 20
78%
16 Angelique Kerber Germany 19
69%
6 Billie Jean King United States 51
69%
7 Evonne Goolagong Australia 35
69%
14 Gabriela Sabatini Argentina 21
69%
12 Petra Kvitová Czech Republic 21
68%
8 Virginia Wade United Kingdom 28
60%
10 Jana Novotná Czech Republic 27
54%
20 Jennifer Capriati United States 18
53%
17 Agnieszka Radwańska Poland 19
50%
19 Rosie Casals United States 18
8%
No matching quizzes found
Score Distribution
Percent of People with Each Score
Percentile by Number Answered
Your Score History
You have not taken this quiz since the last reset